Statistiken für Städte mit "J"

Klicken Sie hier um das Quiz zu spielen!

Allgemein

  • Dieses Quiz wurde 22 mal gespielt
  • Das Durchschnittsergebnis liegt bei 7 aus 39

Antwortstatistiken

LandStadt% Korrekt
Deutschland 🇩🇪Jena
81%
Israel 🇮🇱Jerusalem
81%
Südafrika 🇿🇦Johannesburg
81%
Indonesien 🇮🇩Jakarta
71%
Armenien 🇦🇲Jerewan
71%
Südsudan 🇸🇸Juba
43%
USA 🇺🇸Jackson
38%
Deutschland 🇩🇪Jülich
38%
USA 🇺🇸Jacksonville
33%
Russland 🇷🇺Jekaterinburg
33%
Deutschland 🇩🇪Jever
33%
Deutschland 🇩🇪Jüterbog
24%
Deutschland 🇩🇪Jerichow
14%
Indien 🇮🇳Jaipur
10%
Brasilien 🇧🇷Jau
10%
Schweden 🇸🇪Jönköping
10%
Deutschland 🇩🇪Jüchen
10%
Russland 🇷🇺Jaroslawl
5%
Deutschland 🇩🇪Jessen (Elster)
5%
China 🇨🇳Jinan
5%
China 🇨🇳Jining
5%
Deutschland 🇩🇪Joachimsthal
5%
Deutschland 🇩🇪Johanngeorgenstadt
5%
Brasilien 🇧🇷Juazeiro
5%
Brasilien 🇧🇷Juazeiro do Norte
5%
Brasilien 🇧🇷Jaboatao dos Guararapes
0%
Brasilien 🇧🇷Jacarei
0%
Deutschland 🇩🇪Jade
0%
Spanien 🇪🇸Jaen
0%
Indien 🇮🇳Jamshedpur
0%
Südkorea 🇰🇷Jeonju
0%
Tschechien 🇨🇿Jihlava
0%
China 🇨🇳Jilin
0%
Brasilien 🇧🇷Joao Pessoa
0%
Finnland 🇫🇮Joensuu
0%
Japan 🇯🇵Joetsu
0%
Brasilien 🇧🇷Joinville
0%
Brasilien 🇧🇷Juiz de Fora
0%
Brasilien 🇧🇷Jundiai
0%

Verteilung der Resultate

Perzentil nach korrekt beantworteten Fragen

Anzahl Personen mit jedem Resultat

Ihre Resultats-Entwicklung

Sie haben dieses Quiz noch nicht gespielt